000 00411nam a2200145Ia 4500
008 100122s9999 xx 000 0 und d
082 _b42055
_a821
100 _aकोरे सुलभा
245 _aस्पर्शिका
260 _bसाहित्य जागर
_c1988
300 _a55
630 _aस्पर्शिका
730 _aस्पर्शिका
942 _cBOOK
999 _c422497
_d422494